Score 0/48 Timer 04:00
3 Plays Today
Hint Word % Correct
The center of an appleCORE
97.9%
Yellow portion of eggYOLK
95.6%
Bottle stopperCORK
95.3%
Pronged dining utensilFORK
94.7%
Beverage made from grapesWINE
92.3%
Husband's counterpartWIFE
92%
The ____ Ranger, ____ wolfLONE
91.9%
♛Just do it.♛✪NIKE✪
91.8%
A person, genre of musicFOLK
91.4%
Green citrus fruitLIME
90.6%
Body of water smaller than a lakePOND
90.3%
Eagles song 'Life in the Fast ____'LANE
89.9%
√81NINE
89.5%
ZeroNONE
89.3%
Similar toLIKE
89.2%
♛Built ____ tough.♛✪FORD✪
88.9%
Capital city of PeruLIMA
87.5%
A small horsePONY
86.8%
Having a liking forFOND
86%
Of sound mindSANE
85.4%
Unoriginal or dullLAME
84.9%
Sibling of Bart and MaggieLISA
84.7%
♛He likes it! Hey Mikey!♛✪LIFE✪
84.3%
PolicemenCOPS
84.2%
Hint Word % Correct
♛Get the sensation.♛✪YORK✪
83.8%
COMPUTER KEY, ____ LOCKCAPS
82.3%
A chicken's residenceCOOP
81.2%
Controversial font, Comic ____SANS
81.1%
Phone app featuring 6-second videosVINE
78.8%
Soft murmurs, dove noisesCOOS
78.1%
SpeaksSAYS
77.5%
Composer's creationSONG
75.4%
General measurement of great distanceLONG
74.6%
♛Betcha can't eat just one.♛✪LAY'S✪
74%
Antonym of thickTHIN
72.6%
Santa Maria or MayflowerSHIP
72.4%
Complete circuits of a courseLAPS
71.8%
Surface of leg beneath kneeSHIN
71.2%
♛make.believe♛✪SONY✪
69.3%
To cut upCHOP
66.9%
♛It's everywhere you want to be.♛✪VISA✪
66.1%
Metal tool with clampsVISE
64.3%
♛Silly rabbit, ____ are for kids!♛✪TRIX✪
61.9%
♛I'd like to buy the world a ____.♛✪COKE✪
59.6%
Baseball player from MinnesotaTWIN
53.1%
♛Two for me, none for you.♛✪TWIX✪
50.7%
♛Come hungry. Leave happy.♛✪IHOP✪
45.5%
Headphone and speaker brandiHIP
38.7%

Today's Daily Dose

Remove Ads.
Support Sporcle.
Get the best of Sporcle when you Go Orange. This ad-free experience offers more features, more stats, and more fun while also helping to support Sporcle. Thank you for becoming a member.

You're not logged in!

Compare scores with friends on all Sporcle quizzes.
OR
Log In

Show Comments

Extras

Top Quizzes Today


Score Distribution

Your Account Isn't Verified!

In order to create a playlist on Sporcle, you need to verify the email address you used during registration. Go to your Sporcle Settings to finish the process.

Report this User

Report this user for behavior that violates our Community Guidelines.

Details: